Statistiche per Primi 10 Paesi Produttori di Grano

Clicka qui per fare il quiz!

Statistiche generali

  • Questo quiz è stato fatto 3.975 volte
  • Il punteggio medio è 8 su 10

Statistiche sulle risposte

TonnellatePaese% Corretto
85.9 milRussia
95%
134 milCina
92%
49.7 milStati Uniti
92%
24.9 milUcraina
88%
30.1 milFrancia
80%
108 milIndia
79%
22.2 milGermania
75%
35.2 milCanada
73%
20.5 milTurchia
49%
25.2 milPakistan
35%

Distribuzione punteggi

Percentile per numero di risposta

Percentuale di utenti per punteggio

I tuoi punteggi nel tempo

Non hai fatto questo quiz